00784nam a2200193 a 450000100100000000500170001000800410002704000250006808200080009311000870010124500330018826000410022130000270026250400530028904900090034295201080035195201140045999900170057300002986220200930055850.0110426s1990 dr a 000 0 spa d aDO-SdBNPbspacBNPHU axxx1 aPrograma de Difusión del Bambú.bCentro de Documentación enda-caribe.95661110aHaga su siembra de bambú/. aSanto Domingo :bEnda-Caribe,c1990. a18 p. :bil. ;c27 cm. aIncluye referencias bibliográficas (pá. 19). aBNPD 0010718PDaPDbPDcCTd2011-04-26iLF1l0oxxx p29862-10r2020-06-25w2020-06-25yLFPDZNo se presta 0010718PDaPDbPDcCTd2011-04-26iLF1l0oxxx p29862-20r2020-06-25te. 2w2020-06-25yLFPDZNo se presta c29354d29354